000 00730nam a22002297a 4500
999 _c614
_d614
001 614
003 BD-JhCC
005 20210930134020.0
008 171007s2008 bg |||| |||| 000 0 ben d
020 _a9848684913
035 _a(BD-JhCC)614
040 _aBD-JhCC
_dBD-JhCC
041 _aben
082 _a891.443
_bHAQ 2008
100 _aহক, সৈয়দ শামসুল
245 _aউপন্যাস সমগ্র ৮ /
_cসৈয়দ শামসুল হক
260 _aঢাকা:
_bঅন্যপ্রকাশ প্রকাশনী,
_c২০০৮.
300 _a৩৯৯ পৃ. :
_c২২ সেমি
650 _aBangali Novel
942 _2ddc
_cBK
_03